000 00962nam a2200301 i 4500
003 EG-GICUC
005 20260413220919.0
008 260413s1920 fr ||||fr|||| 00| 0 fre d
040 _aEG-GiCUC
_bfre
_cEG-GiCUC
_dEG-GiCUC
_eRda
041 _afre
082 0 4 _221
_a343.3
_bRO .C
092 0 4 _221
099 _aLaw1 10 343.3 RO .C 1920
100 1 _aRoux,J.-A
_d(1866-1954)
_qRoux, Jean-André
_eAuteur
245 1 0 _aCours de droit pénal et de procédure pénale /
_cPar J.-A. Roux.
264 1 _aParis :
_bL. Tenin,
_c1920.
300 _a811 pages ;
_c24 cm.
336 _2rda contenu
_a texte
337 _2rda medias
_aOrdinateur
338 _2 transporteur rda
_a Ressource en ligne
504 _aContient une table des matières.
546 _aTexte en français
650 1 _aDroit pénal
650 1 _aDroit de procédure pénale
856 4 0 _uhttps://fll.law.cu.edu.eg/fulltext/bks/B10-09072.pdf
905 _a43
942 _2ddc
_n0
_cBK
_e21
999 _c70705
_d70705